00684nam a2200169 a 450000100100000000500170001000800410002704000250006808200150009310000280010824500840013626000670022030000200028704900090030795201810031699900170049700002821920200930031441.0110407s1939 dr 000 0 spa d aDO-SdBNPbspacBNPHU axxxbD841b1 aDucoudray, J. H.91745210aBajo la egida del generalísimo :b(discursos políticos) /cJ. H. Ducoudray. aCiudad Trujillo, República Dominicana :bLa Nación,c1939. a53 p. ;c19 cm. aBNPD 001050718RVaPDbPDcHDd2011-04-07iLF1l0oxxx D841bp28219-10r2020-06-25w2020-06-25y1zPerteneció a la biblioteca personal de Carlos Larrabazal Blanco.ZNo se presta c27711d27711